000 01029nam a22002777a 4500
003 OSt
005 20240208095516.0
008 240208b |||||||| |||| 00| 0 eng d
020 _a9781845424374 (hardback)
040 _aNUST
_beng
_cNUST
_dNUST
_erda
050 _aHD6054.2.A45 SUC
245 _aSuccessful professional women of the Americas :
_bfrom polar winds to tropical breezes / Betty Jane Punnett, Jo Ann Duffy, Suzy Fox and Ann Gregory.
260 _aCheltenham :
_bEdward Elgar,
_c©2006.
300 _axii, 284 pages :
_billustrations ;
_c25 cm.
336 _2rdamedia
_atext
_btxt
337 _2rdamedia
_aunmediated
_bn
338 _2rdamedia
_avolume
_bnc
504 _aIncludes bibliographical references and index.
650 _vWomen in professions -America.
650 _vWomen - America-History.
700 _aPunnet, Betty Jane
_eEditor
700 _aDuffy, Jo Ann
_eEditor
700 _aFox, Suzy
_eEditor
700 _aGregory, Ann
_eEditor
942 _2lcc
_cBOOKS
_hHD6054.2.A45
_kHD
_mSUC
_n0
999 _c170779
_d170779